[Event "SVK-chT2C 10/11"]
[Site "Slovakia"]
[Date "2010.10.23"]
[Round "1.4"]
[White "Jurcikova, Slavka"]
[Black "Homolka, Jakub"]
[Result "0-1"]
[WhiteElo "1497"]
[BlackElo "1434"]
[PlyCount "88"]
[EventDate "2010.10.23"]
[EventType "team-tourn"]
[EventRounds "11"]
[EventCountry "SVK"]
[SourceTitle "EXT 2019"]
[Source "ChessBase"]
[SourceDate "2018.10.10"]
[SourceVersion "1"]
[SourceVersionDate "2018.10.10"]
[SourceQuality "1"]
[WhiteTeam "Cadca Caissa"]
[BlackTeam "Dolny Kubin"]
[WhiteTeamCountry "SVK"]
[BlackTeamCountry "SVK"]

1. e4 c5 2. Nf3 d6 3. Nc3 a6 4. h3 Nf6 5. Bc4 Nc6 6. d3 g6 7. 0-0 Bg7 8. Re1 Qc7 9. Bf4 0-0 10. Qd2 Be6 11. Bb3 Bxb3 12. axb3 Nd4 13. Qd1 Nxf3+ 14. Qxf3 Nd7 15. Nd5 Qd8 16. Bg5 Ne5 17. Qg3 Nc6 18. c3 f6 19. Bd2 e5 20. f4 Bh6 21. Rf1 Ne7 22. Qh4 Bg7 23. Ne3 exf4 24. Qxf4 d5 25. c4 dxc4 26. bxc4 Qxd3 27. Rad1 Qd7 28. Bc3 Qc6 29. Rd6 Qc7 30. Rfd1 Nc8 31. g3 Nxd6 32. Rxd6 Rad8 33. Re6 Qxf4 34. gxf4 Rde8 35. f5 gxf5 36. exf5 Rxe6 37. fxe6 Re8 38. Ng4 Rxe6 39. Kf2 f5 40. Bxg7 fxg4 41. Bc3 gxh3 42. Kg1 Re4 43. Kh2 Rxc4 44. Kxh3 Rxc3+ 0-1